000 00360nam a2200145Ia 4500
008 200103s9999||||xx |||||||||||||| ||und||
020 _a0444423834,
040 _aIMU-MPC
082 _aColumn-45
100 _aFrieze, P. A. and Winkle, I. E.
245 0 _aMarine and Offshore Safety
260 _bElsevier, Amsterdam
_c1984
300 _aix, 612
942 _cBK
999 _c9254
_d9254